|
|
|
|
| LEADER |
00000cab a2200000 ar4500 |
| 001 |
vtls009347170 |
| 003 |
SK-MaSNL |
| 005 |
20260426070701.0 |
| 008 |
081014c2008 xo wr|p|||||||000 b|slo |
| 038 |
|
|
|a PPPK
|
| 040 |
|
|
|a PPPKCL
|b slo
|c PPPKCL
|e AACR2
|
| 041 |
0 |
|
|a slo
|
| 044 |
|
|
|a xo
|c SK
|
| 080 |
|
|
|a 725.945
|2 2001
|
| 080 |
|
|
|a 82-4
|2 2001
|
| 100 |
1 |
|
|a Marec, Anton,
|d 1953-2021
|4 aut
|9 112978
|
| 245 |
1 |
0 |
|a September [2008]
|b kalendár Antona Mareca
|c Anton Marec
|
| 650 |
0 |
7 |
|a pomníky
|2 pppkcl
|9 3013
|
| 650 |
0 |
7 |
|a pamätníky
|2 pppkcl
|9 25601
|
| 651 |
|
7 |
|a Slovensko
|2 pppkcl
|9 14231
|
| 655 |
|
7 |
|a eseje
|2 pppkcl
|9 57030
|
| 773 |
0 |
|
|t Podtatranské noviny
|g Roč. IL, č. 37 (2008), s. 6
|
| 852 |
|
|
|a PPPK
|b KIS3GCP
|
| 999 |
|
|
|c 2670113
|d 2672043
|